Spoločná mena - hudba vzdialenej budúcnosti. Európsky menový mechanizmus zlyhal.

Prejavy zlyhania projektu európskej menovej únie, európskeho menového mechanizmu, ktorý bránil rozkolísaniu jednotlivých národných mien, rozpad Európskeho menového systému, osud ECU.

Salvato in:
Dettagli Bibliografici
Autore principale: Smolík, M.
Natura: Capitolo di libro
Lingua:slovacco
Soggetti:
Tags: Aggiungi Tag
Nessun Tag, puoi essere il primo ad aggiungerne!!

MARC

LEADER 00000naa a2200000 4500
001 r012656
005 20220826094314.0
041 0 |a slo 
044 |a SK 
245 1 0 |a Spoločná mena - hudba vzdialenej budúcnosti.  |b Európsky menový mechanizmus zlyhal.  |c M. Smolík 
520 |a Prejavy zlyhania projektu európskej menovej únie, európskeho menového mechanizmu, ktorý bránil rozkolísaniu jednotlivých národných mien, rozpad Európskeho menového systému, osud ECU. 
610 2 0 |a Európsky menový systém 
610 2 0 |a ECU 
610 2 0 |a únie menové 
610 2 0 |a Európske spoločenstvá 
610 2 0 |a Maastricht 
100 1 |a Smolík, M.